LIBRARY & INFORMATION CENTRE, KCAET, TAVANUR

ONLINE PUBLIC ACCESS CATALOGUE (OPAC)

Bhagath Singh - Dutt (Record no. 4358)

MARC details
000 -LEADER
fixed length control field 00366cam a2200169ua 4500
041 ## - LANGUAGE CODE
Language code of text/sound track or separate title mal
082 ## - DEWEY DECIMAL CLASSIFICATION NUMBER
Classification number 923.2
Item number CHA/BH
100 ## - MAIN ENTRY--AUTHOR NAME
Personal name Chaman Lal, Azad .
245 ## - TITLE STATEMENT
Title Bhagath Singh - Dutt
260 ## - PUBLICATION, DISTRIBUTION, ETC. (IMPRINT)
Place of publication Quilon :
Name of publisher Janayugam book ,
Year of publication 1967.
300 ## - PHYSICAL DESCRIPTION
Number of Pages 242 ; .
942 ## - ADDED ENTRY ELEMENTS (KOHA)
Koha item type Books
Holdings
Withdrawn status Lost status Damaged status Home library Current library Date acquired Full call number Accession Number Koha item type
      KAUAET KAUAET 07/04/2012 923.2 12757 Books
free website counter